Museo Nacional de Cuba, pintura : (Record no. 10309)
[ view plain ]
| 000 -LEADER | |
|---|---|
| campo de control de longitud fija | 01187cam a2200301 a 4500 |
| 001 - NÚMERO DE CONTROL | |
| campo de control | 32774 |
| 005 - FECHA Y HORA DE LA ÚLTIMA TRANSACCIÓN | |
| campo de control | 20230404130051.0 |
| 008 - DATOS DE LONGITUD FIJA--INFORMACIÓN GENERAL | |
| campo de control de longitud fija | 810814s1978 cu a c 000 0 spa |
| 035 ## - NÚMERO DE CONTROL DEL SISTEMA | |
| -- | (DLC) 81108926 |
| 035 ## - NÚMERO DE CONTROL DEL SISTEMA | |
| Número de control de sistema | 3263806 |
| 010 ## - NÚMERO DE CONTROL DE LA BIBLIOTECA DEL CONGRESO | |
| Número de control de LC | 81108926 |
| 040 ## - FUENTE DE CATALOGACIÓN | |
| Centro catalogador/agencia de origen | DLC |
| Centro/agencia transcriptor | DLC |
| Centro/agencia modificador | DLC |
| 041 0# - CÓDIGO DE IDIOMA | |
| Código de lengua del texto/banda sonora o título independiente | spaengfrerus |
| 043 ## - CÓDIGO DE ÁREA GEOGRÁFICA | |
| Código de área geográfica | nwcu--- |
| 050 14 - SIGNATURA TOPOGRÁFICA DE LA BIBLIOTECA DEL CONGRESO | |
| Número de clasificación | 107 N 910 |
| Número de ítem | M986m 1978 |
| 082 00 - NÚMERO DE LA CLASIFICACIÓN DECIMAL DEWEY | |
| Número de clasificación | 750/.74/09729123 |
| Número de edición | 19 |
| 110 2# - ENTRADA PRINCIPAL--NOMBRE DE ENTIDAD CORPORATIVA | |
| Nombre de entidad corporativa o nombre de jurisdicción como elemento de entrada | Museo Nacional de Cuba. |
| 245 10 - MENCIÓN DEL TÍTULO | |
| Título | Museo Nacional de Cuba, pintura : |
| Resto del título | retratos de Fayum, pintura europea, pintura cubana / |
| Mención de responsabilidad, etc. | [edición, Ricardo González Jane, Liudmila Vedénskaia, Svetlana Khval ; redactor artístico, Serguey Diachenko, en colaboración con el Museo Nacional de Cuba]. |
| 260 ## - PUBLICACIÓN, DISTRIBUCIÓN, ETC. | |
| Lugar de publicación, distribución, etc. | La Habana : |
| Nombre del editor, distribuidor, etc. | Editorial Letras Cubanas ; |
| Lugar de publicación, distribución, etc. | Leningrado : |
| Nombre del editor, distribuidor, etc. | Editorial de Artes Aurora, |
| Fecha de publicación, distribución, etc. | c1978. |
| 300 ## - DESCRIPCIÓN FÍSICA | |
| Extensión | 21, [248] p. : |
| Otras características físicas | chiefly ill. (some col.) ; |
| Dimensiones | 30 cm. |
| 500 ## - NOTA GENERAL | |
| Nota general | Caption titles in English, French, Russian, and Spanish. |
| 650 #0 - PUNTO DE ACCESO ADICIONAL DE MATERIA--TÉRMINO DE MATERIA | |
| Término de materia o nombre geográfico como elemento de entrada | Painting |
| Subdivisión geográfica | Cuba |
| -- | Havana |
| Subdivisión general | Catalogs. |
| 610 20 - PUNTO DE ACCESO ADICIONAL DE MATERIA--NOMBRE DE ENTIDAD CORPORATIVA | |
| Nombre de entidad corporativa o nombre de jurisdicción como elemento de entrada | Museo Nacional de Cuba |
| Subdivisión general | Catalogs. |
| 700 2# - ENTRADA AGREGADA--NOMBRE PERSONAL | |
| Nombre de persona | González Jane, Ricardo. |
| 700 1# - ENTRADA AGREGADA--NOMBRE PERSONAL | |
| Nombre de persona | Vedénskaia, Liudmila. |
| 700 1# - ENTRADA AGREGADA--NOMBRE PERSONAL | |
| Nombre de persona | Khval, Svetlana. |
| 942 ## - ELEMENTOS DE ENTRADA SECUNDARIOS (KOHA) | |
| Fuente del sistema de clasificación o colocación | Clasificación de Library of Congress |
| Tipo de ítem Koha | |
| Estatus retirado | Estado de pérdida | Fuente del sistema de clasificación o colocación | Estado de daño | No para préstamo | Colección | Biblioteca de origen | Biblioteca actual | Ubicación en estantería | Fecha de adquisición | Serial enumeration / chronology | Total checkouts | Signatura topográfica completa | Código de barras | Visto por última vez | Copia número | Precio de reemplazo | Tipo de ítem Koha |
|---|---|---|---|---|---|---|---|---|---|---|---|---|---|---|---|---|---|
| Clasificación de Library of Congress | Recursos Regionales | Biblioteca Juan Bosch | Biblioteca Juan Bosch | Recursos Regionales (2do. Piso) | 04/04/2023 | 1 | 107 N 910 M986m 1978 | 00000035541 | 23/10/2018 | 1 | 23/10/2018 |
